Geometry Dash Level quiz - Statistics

General Stats
  • This quiz has been taken 256 times
  • The average score is 29 of 45
Answer Stats
Question Tile Select % Correct
Levels verified By Krmal No
88%
Levels verified By Krmal No
88%
Levels verified By Krmal No
86%
Levels verified By Krmal No
86%
Levels verified By Krmal Yes
82%
Levels that were a former top 1 No
82%
Levels verified By Krmal Yes
81%
Levels that were hack verifired No
81%
Levels that were hack verifired No
81%
Levels that were a former top 1 No
81%
Levels that were hack verifired No
80%
Levels that were a former top 1 Yes
80%
Levels that were a former top 1 No
80%
Levels verified By Krmal No
79%
Levels that were hack verifired No
79%
Nine Circles Extreme Demons Yes
79%
Levels that were a former top 1 Yes
78%
Levels that were a former top 1 No
77%
Levels verified By Krmal Yes
75%
Levels that were hack verifired Yes
75%
Levels that were hack verifired No
72%
Levels that were hack verifired Yes
67%
Levels that were hack verifired No
67%
Levels verified By Krmal Yes
63%
Nine Circles Extreme Demons Yes
61%
Levels that were a former top 1 Yes
60%
Nine Circles Extreme Demons No
59%
Levels that were hack verifired Yes
58%
Nine Circles Extreme Demons No
58%
Nine Circles Extreme Demons Yes
57%
Levels that were a former top 1 Yes
56%
Nine Circles Extreme Demons No
55%
Nine Circles Extreme Demons Yes
54%
Nine Circles Extreme Demons Yes
51%
Nine Circles Extreme Demons Yes
50%
Levels in an AREDL pack No
49%
Levels in an AREDL pack Yes
46%
Levels that were a former top 1 Yes
40%
Levels in an AREDL pack No
38%
Levels in an AREDL pack No
36%
Levels in an AREDL pack Yes
35%
Levels in an AREDL pack Yes
32%
Levels in an AREDL pack No
30%
Levels in an AREDL pack Yes
25%
Levels in an AREDL pack Yes
23%
No matching quizzes found
Score Distribution
Percent of People with Each Score
Percentile by Number Answered
Your Score History
You have not taken this quiz